Car logos - Statistics

General Stats
  • This quiz has been taken 82 times
  • The average score is 34 of 38
Answer Stats
Picture Answer % Correct
BMW
99%
Honda
99%
Mercedes
99%
Toyota
97%
Chevrolet
96%
Ford
96%
Jaguar
96%
Tesla
96%
Dodge
94%
Lexus
94%
Nissan
94%
Hyundai
93%
Mazda
93%
Suzuki
93%
Audi
91%
Ferrari
91%
Mitsubishi
91%
Bentley
90%
Lamborghini
90%
Mini
90%
Subaru
90%
Alfa romeo
88%
Fiat
88%
Mustang
88%
Cadillac
87%
Porsche
87%
Volvo
87%
Infiniti
86%
Citroen
84%
Seat
84%
Maserati
83%
Peugeot
81%
Skoda
81%
Acura
80%
Opel
80%
Corvette
78%
Lincoln
78%
Harley Davidson
70%
No matching quizzes found
Score Distribution
Percent of People with Each Score
Percentile by Number Answered
Your Score History
You have not taken this quiz